Capitales de Europa en un mapa - Estadísticas

Estadísticas generales
  • Esta prueba ha sido intentada 57 veces
  • La puntuación promedio es 39 de 43
Respuestas en el mapa
Las respuestas están codificadas por una escala verde-roja en el mapa de la prueba según el % correcto abajo.
 
Estadísticas de respuestas
Respuesta % Correcto
Berlín
100%
Dublín
100%
Kiev
100%
Lisboa
100%
Londres
100%
Madrid
100%
Oslo
100%
París
100%
Roma
100%
Andorra la vieja
98%
Estocolmo
98%
Helsinki
98%
Luxemburgo
98%
Moscú
98%
Ámsterdam
96%
Atenas
96%
Bruselas
96%
Ciudad del Vaticano
96%
Copenhague
96%
Mónaco
96%
San Marino
96%
La Valeta
93%
Praga
93%
Varsovia
93%
Reikiavik
91%
Budapest
89%
Sofía
89%
Tallín
89%
Berna
87%
Bucarest
87%
Viena
87%
Zagreb
87%
Minsk
84%
Riga
84%
Tirana
80%
Vilna
78%
Belgrado
76%
Bratislava
73%
Liubliana
73%
Chisináu
71%
Sarajevo
71%
Podgorica
62%
Skopie
58%
No se encontraron pruebas coincidentes
Distribución de puntuación
Porcentaje de gente con cada puntuación
Porcentaje por número respondido
Historial de tus puntuaciones
No has intentado esta prueba.